000 01433nam a2200373 c 4500
003 BLK
005 20250715102117.0
008 180408b bul|||||r ||||||| ||bul||
010 _aKNG00072997000
020 _a954-527-284-8
_bиздат.: Дамян Яков - (подв.)
020 _a954-527-283-Х
_bиздат.: Дамян Яков
040 _aBLK
041 _aBUL
_cBUL
080 _aНемска литература
_b821.112.2
_x-93-31
_z821.112.2-93-31
100 1 _aЕнде, Михаел
_eпърви автор
_9267386
700 1 _aКраев, Николай Димитров
_eпрев.
_9294044
139 _aЕнде, Михаел
_bЕ 63
245 1 0 _aПриказка без край
_cМихаел Енде; прев. Николай Димитров Краев.
250 _a3. изд.
257 _aDEU
260 София
_bДамян Яков
_c2005
300 _a320 с.
_c22 см
380 _aDX
500 _aОриг. загл. Die unendliche Geschichte / Michael Ende. - 1. изд. 1990 на изд. Отечество.
653 _aромани
653 _aлитература за деца
653 _aдетска литература
852 _aЦб 232418
856 4 _qpdf
_u
856 4 _qpdf
_u
942 _cKNG
_n0
_037
944 _aCR
_c15.03.2007
_lРусанова Ирена
_k30542
944 _aED
_c22.02.2017
_lф /
_kЛюдмила_Стоянова
999 _c68668
_d68668